000 00526nam a2200133Ia 4500
008 170516s9999 xx 000 0 und d
245 _aCarotid Artery Stenosis: Comparison of 3D Time-of-Flight MR Angiography and Contrast-Enhanced MR Angiography at 3T, Ivan Platzek, Dominik Sieron, Philipp Wiggermann, and Michael Laniado
260 _bRadiology Research and Practice
260 _c2014
300 _a:
650 _xRadiologic Technology
650 _xRadtech
856 _uhttps://www.hindawi.com/journals/rrp/contents/3/
999 _c332219
_d332219